Memoria leída en la Universidad Central al recibir la investidura de doctor en la Facultad de Derecho, Sección del Civil y Canónico por el licenciado de la misma Francisco Virella Cassañes. (Registro nro. 167679)

Detalles MARC
000 -LEADER
campo de control de longitud fija 00846nam a22001695i 4500
001 - NÚMERO DE CONTROL
campo de control 167679
003 - IDENTIFICADOR DE NÚMERO DE CONTROL
campo de control ES-MaACL
005 - FECHA Y HORA DE LA ÚLTIMA TRANSACCIÓN
campo de control 20230906213555.0
008 - DATOS DE LONGITUD FIJA--INFORMACIÓN GENERAL
campo de control de longitud fija 050929s1879 sp | |||||||| ||spa d
100 1# - ENTRADA PRINCIPAL--NOMBRE DE PERSONA
Nombre de persona Virella Cassañes, Francisco.
9 (RLIN) 133789
245 10 - MENCIÓN DEL TÍTULO
Título Memoria leída en la Universidad Central al recibir la investidura de doctor en la Facultad de Derecho, Sección del Civil y Canónico por el licenciado de la misma Francisco Virella Cassañes.
260 ## - PUBLICACIÓN, DISTRIBUCIÓN, ETC.
Lugar de publicación, distribución, etc. Barcelona :
Nombre del editor, distribuidor, etc. [s.n.],
Fecha de publicación, distribución, etc. 1879 (
Fabricante Estab. tip. de los sucesores de N. Ramírez y Cª)
300 ## - DESCRIPCIÓN FÍSICA
Extensión 49 p. ;
Dimensiones 27 cm.
594 ## - Nota al título y mención de responsabilidad
Nota al título y mención de responsabilidad Tít. del discurso: "Las huelgas, sus causas económicas que las rigen. El Estado ¿debe tolerar su existencia?"
650 #4 - PUNTO DE ACCESO ADICIONAL DE MATERIA--TÉRMINO DE MATERIA
Término de materia o nombre geográfico como elemento de entrada Huelgas.
9 (RLIN) 13489
852 ## - LOCALIZACIÓN
Ubicación ES-MaACL
Número de control de estantería T-1274-F-2
Nota libre - Enc. hol. conservando la cub. original
-- - Enc. en un vol. facticio
Existencias
Estatus retirado Estado de pérdida Estado de daño No para préstamo Colección Biblioteca de origen Biblioteca actual Ubicación en estantería Fecha de adquisición Total de préstamos Signatura topográfica completa Código de barras Visto por última vez Precio de reemplazo Tipo de ítem Koha
        Colección de folletos Biblioteca del Ateneo de Madrid Biblioteca del Ateneo de Madrid Depósito folletos 17/01/2008   T-1274-F-2 1175914 23/02/2023 23/02/2023 Folleto